Advanced Engineering Mathematics (Record no. 1170)

MARC details
000 -LEADER
fixed length control field 00417nam a22001697a 4500
005 - DATE AND TIME OF LATEST TRANSACTION
control field 20180425123815.0
008 - FIXED-LENGTH DATA ELEMENTS--GENERAL INFORMATION
fixed length control field 160520b xxu||||| |||| 00| 0 eng d
020 ## - INTERNATIONAL STANDARD BOOK NUMBER
ISBN 978-81-265-3135-6
041 ## - LANGUAGE CODE
Language code of text/sound track or separate title eng
082 ## - DEWEY DECIMAL CLASSIFICATION NUMBER
Item number 3411
Classification number 510.2462
100 ## - MAIN ENTRY--AUTHOR NAME
Personal name Kreyszig & Erwin
245 ## - TITLE STATEMENT
Title Advanced Engineering Mathematics
260 ## - PUBLICATION, DISTRIBUTION, ETC. (IMPRINT)
Name of publisher Wiley India
300 ## - PHYSICAL DESCRIPTION
Number of Pages 1094
650 ## - SUBJECT ADDED ENTRY--TOPICAL TERM
Topical Term DIPLOMA ENGINEERING
942 ## - ADDED ENTRY ELEMENTS (KOHA)
Koha item type Books
Holdings
Lost status Damaged status Collection code Home library Shelving location Date acquired Cost, normal purchase price Full call number Accession Number Koha item type
    CS/IT JRU Library SHELF-57-I 08/04/2026 609.00 510.2462 3411 Books
    CS/IT JRU Library SHELF-57-I 08/04/2026 609.00 510.2462 3412 Books
    CS/IT JRU Library SHELF-57-I 08/04/2026 609.00 510.2462 3413 Books
    CS/IT JRU Library SHELF-57-I 08/04/2026 609.00 510.2462 3414 Books
    CS/IT JRU Library SHELF-57-I 08/04/2026 609.00 510.2462 3415 Books